000 00386nam a2200145 i 4500
001 bg
100 1 _aMANITIUS, Zdzisław
245 0 _aMaszyny prądu stałego :
_bskrypt dla studentów studium dla pracujących /
_cZdzisław Manitius.
250 _aWyd.2.
260 _aGdańsk,
_c1977.
040 _cBPK
041 _apol
942 _cKS
008 s pl f |000 0 pol
999 _c17361
_d17361
856 _uhttp://koha.tu.koszalin.pl/cgi-bin/koha/opac-detail.pl?biblionumber=17361
_yKatalog online BPK